Endangered rainforests and the fight for survival. V 1 &V 2 (Record no. 40732)

MARC details
000 -LEADER
fixed length control field 00347nam a2200121Ia 4500
082 ## - DEWEY DECIMAL CLASSIFICATION NUMBER
Classification number 630*
Item number END
245 #0 - TITLE STATEMENT
Title Endangered rainforests and the fight for survival. V 1 &V 2
260 ## - PUBLICATION, DISTRIBUTION, ETC. (IMPRINT)
Place of publication Malaysia
Name of publisher World rainforest movement
Year of publication 1992
650 ## - SUBJECT ADDED ENTRY--TOPICAL TERM
Topical Term Forest destruction
650 ## - SUBJECT ADDED ENTRY--TOPICAL TERM
Topical Term Mangrove
942 ## - ADDED ENTRY ELEMENTS (KOHA)
Koha item type Books
Holdings
Withdrawn status Lost status Damaged status Not for loan Home library Current library Date acquired Cost, normal purchase price Full call number Accession Number Koha item type
        RRII Library RRII Library 16/12/2021 850.00 630* END 21029 Books